Capital a critique of polotical economy vol - I (Record no. 1628)

MARC details
000 -LEADER
fixed length control field 00450cam a2200181ua 4500
008 - FIXED-LENGTH DATA ELEMENTS--GENERAL INFORMATION
fixed length control field 110716n xxu |||gr||||Z||||||eng
040 ## - CATALOGING SOURCE
Transcribing agency MAIN
082 ## - DEWEY DECIMAL CLASSIFICATION NUMBER
Classification number 335.401
100 1# - MAIN ENTRY--PERSONAL NAME
Personal name Marx, Karl,
Relator term
245 1# - TITLE STATEMENT
Title Capital a critique of polotical economy vol - I
Statement of responsibility, etc. by Karl Marx
250 ## - EDITION STATEMENT
Edition statement 1st.
260 ## - PUBLICATION, DISTRIBUTION, ETC.
Place of publication, distribution, etc. Moscow:
Name of publisher, distributor, etc. Progress publishers,986.
300 ## - PHYSICAL DESCRIPTION
Extent 767p:
Dimensions 23cm.
942 ## - ADDED ENTRY ELEMENTS (KOHA)
Koha item type Books
653 ## - INDEX TERM--UNCONTROLLED
Uncontrolled term Economics
653 ## - INDEX TERM--UNCONTROLLED
Uncontrolled term Capital
Holdings
Withdrawn status Lost status Damaged status Not for loan Home library Current library Shelving location Date acquired Total Checkouts Full call number Barcode Date last seen Copy number Price effective from Koha item type
        Central Library, Naharkatiya College Central Library, Naharkatiya College General Stacks 19/09/2020   335.401 | MAR 1878 19/09/2020 1 19/09/2020 Books

Naharkatiya College © 2020. All rights reserved.

Powered By